| 000 | 00597nam a22001577a 4500 | ||
|---|---|---|---|
| 008 | 170309b xxu||||| |||| 00| 0 eng d | ||
| 082 |
_22016 _aUT 0715 _bSa71 |
||
| 100 |
_919306 _aSalaza, Aiza S. |
||
| 245 |
_aExploratory Factor Analysis of Mathematics teachers Attributes in UMDC. _cAiza S. Saraza, Mary Louis C. Alayon and Princess Mae P. Nasayre. |
||
| 300 |
_a66 pages; _b29 cm. |
||
| 650 | 0 |
_919307 _aEducation _vMathematics _xUndergraduate Thesis. |
|
| 700 |
_919308 _aSalaza, Aiza S. |
||
| 700 |
_919309 _aAlayon, Mary Louis C. |
||
| 700 |
_919310 _aNasayre, Princess Mae P. |
||
| 942 |
_2ddc _cUT |
||
| 999 |
_c6397 _d6397 |
||